KPMG LLP v Network Rail Infrastructure Ltd (Record no. 120479)

MARC details
000 -LEADER
fixed length control field 01107cam a2200169 4500
001 - CONTROL NUMBER
control field ##L133095
008 - FIXED-LENGTH DATA ELEMENTS--GENERAL INFORMATION
fixed length control field 060411n 000 0 eng u
035 ## - SYSTEM CONTROL NUMBER
System control number (Sirsi) u133095
041 0# - LANGUAGE CODE
Language code of text/sound track or separate title eng
245 00 - TITLE STATEMENT
Title KPMG LLP v Network Rail Infrastructure Ltd
520 ## - SUMMARY, ETC.
Summary, etc. [2006] EWHC 67 (Ch), 31 January 2006. Considered three issues: whether K enjoyed a free-standing right to break a reversionary sub-underlease; whether N was entitled to have the reversionary sub-underlease rectified due to a unilateral mistake, and if N was entitled to have the reversionary sub-underlease rectified due to a mutual mistake. "Held" : Judgment in favour of N. N was entitled to rectify a reversionary sub- underlease to include words that had been omitted from the original underlease.
590 ## - LOCAL NOTE (RLIN)
Local note IKA110406
650 24 - SUBJECT ADDED ENTRY--TOPICAL TERM
Topical term or geographic name entry element KPMG LLP V NETWORK RAIL INFRASTRUCTURE LTD
690 ## - LOCAL SUBJECT ADDED ENTRY--TOPICAL TERM (OCLC, RLIN)
Topical term or geographic name as entry element PROPERTY-COMMERCIAL PROPERTY-LEASEHOLD COMMERCIAL PROPERTY-COMMERCIAL LANDLORD AND TENANT-COMMERCIAL LEASES
856 40 - ELECTRONIC LOCATION AND ACCESS
Uniform Resource Identifier <a href="https://www.bailii.org/ew/cases/EWHC/Ch/2006/67.html">https://www.bailii.org/ew/cases/EWHC/Ch/2006/67.html</a>
Public note View the website free of charge at www.bailii.org...
942 ## - ADDED ENTRY ELEMENTS (KOHA)
Suppress in OPAC 0
Holdings
Withdrawn status Lost status Source of classification or shelving scheme Damaged status Not for loan Home library Current library Shelving location Date acquired Total Checkouts Full call number Barcode Date last seen Copy number Price effective from Koha item type
    Dewey Decimal Classification     Virtual Virtual Online 11/04/2006   ONLINE PUBLICATION 133095-1001 06/08/2019 1 06/08/2019 Law report